Per conoscere l'avanguardia russa (Record n. 68636)
[ formato base ]
| 000 -LEADER | |
|---|---|
| fixed length control field | 01246nam a2200325Ia 4500 |
| 001 - CONTROL NUMBER | |
| control field | 11645 |
| 003 - CONTROL NUMBER IDENTIFIER | |
| control field | IT-RoPAU |
| 008 - FIXED-LENGTH DATA ELEMENTS--GENERAL INFORMATION | |
| fixed length control field | 130308s9999 xx 000 0 und d |
| 040 ## - CATALOGING SOURCE | |
| Original cataloging agency | IT-RoPAU |
| 040 ## - CATALOGING SOURCE | |
| Transcribing agency | IT-RoPAU |
| 041 ## - LANGUAGE CODE | |
| Language code of text/sound track or separate title | ITALIANO |
| 999 ## - SYSTEM CONTROL NUMBERS (KOHA) | |
| Koha Dewey Subclass [OBSOLETE] | SI |
| 100 ## - MAIN ENTRY--PERSONAL NAME | |
| Personal name | AA.VV. |
| 100 ## - MAIN ENTRY--PERSONAL NAME | |
| Miscellaneous information | Codice Aut. SPICS: 12000 |
| 245 ## - TITLE STATEMENT | |
| Title | Per conoscere l'avanguardia russa |
| 245 ## - TITLE STATEMENT | |
| Remainder of title | Per Conoscere l'avanguardia Russa |
| 250 ## - EDITION STATEMENT | |
| Edition statement | 1a ed. |
| 260 ## - PUBLICATION, DISTRIBUTION, ETC. (IMPRINT) | |
| Place of publication, distribution, etc. | MILANO |
| 260 ## - PUBLICATION, DISTRIBUTION, ETC. (IMPRINT) | |
| Name of publisher, distributor, etc. | Mondadori |
| 260 ## - PUBLICATION, DISTRIBUTION, ETC. (IMPRINT) | |
| Date of publication, distribution, etc. | 1979 [1° Ed.:1979 - Ed.Ling.Originale:1979] |
| 300 ## - PHYSICAL DESCRIPTION | |
| Extent | "464 p. (prefazione: 118; testo: 346)" |
| 500 ## - GENERAL NOTE | |
| General note | Antologia della Letteratura Russa d'avanguardia Cubofuturismo Russo gruppo 41 Immaginismo gruppo d'avanguardia Oberju Storia dell'avanguardia Russa Majakovskij Esenin Sergej Chlebnikov Viktor Krucenych Sersenevic Burljuk David Kamenskij Vasilij Mariengof Anatolij Ampia Introduzione Critica Note Storiche bibliografiche Testi creativi Critici e Programmatici Alcuni inediti Cronologia dell'avanguardia Russa 1905 1930 |
| 650 ## - SUBJECT ADDED ENTRY--TOPICAL TERM | |
| Topical term or geographic name as entry element | STORIA UNIVERSALE DELLE ARTI VISIVE |
| 650 ## - SUBJECT ADDED ENTRY--TOPICAL TERM | |
| Relator term | Codice materia Spics: 5009 |
| 700 ## - ADDED ENTRY--PERSONAL NAME | |
| Personal name | Vitale Serena |
| 700 ## - ADDED ENTRY--PERSONAL NAME | |
| Miscellaneous information | Codice Aut. SPICS: 617 |
| 942 ## - ADDED ENTRY ELEMENTS (KOHA) | |
| Koha item type | LIBRO |
| 957 ## - | |
| -- | 1 |
| 999 ## - SYSTEM CONTROL NUMBERS (KOHA) | |
| -- | 1 |
| Withdrawn status | Lost status | Damaged status | Not for loan | Home library | Current library | Date acquired | Total Checkouts | Full call number | Date last seen | Price effective from | Koha item type | Public note |
|---|---|---|---|---|---|---|---|---|---|---|---|---|
| Buone Condizioni | Not For Loan | SPICS-MEDIATECA | SPICS-MEDIATECA | 08/03/2013 | 11645 | 08/03/2013 | 08/03/2013 | LIBRO | Progressivo inserimento: 22188 / N. Volumi: 1 Copie: 1 Copia Rara: SI / data import: 1 marzo 2013 - By Epidotti, Trombetti, Vaglietti. |